| 000 | 00980nam a2200301 a 4500 | ||
|---|---|---|---|
| 001 | 55382 | ||
| 003 | BD-RjUL | ||
| 005 | 20211209080246.0 | ||
| 008 | 161116r19751971enka b 001 0 eng | ||
| 020 | _a0045520062 (Hardback) | ||
| 020 | _a0045520070 (Paper) | ||
| 035 | _a(BD-RjUL)55504 | ||
| 040 |
_aDLC _cDLC _dBD-RjUL _beng |
||
| 041 | _aeng | ||
| 082 | 0 | 0 |
_223 _a552.5 _bGRP 1975 |
| 100 | 1 |
_aGreensmith, J. T. _9118811 |
|
| 245 | 1 | 0 |
_aPetrology of the sedimentary rocks / _cJ. T. Greensmith, F. H. Hatch, R. H. Rastall |
| 250 | _a5th rev. ed. | ||
| 260 |
_aLondon : _bThomas Murby, _c1971 [Impression 1975] |
||
| 300 |
_a502 p. : _bill. ; _c24 cm. |
||
| 490 | 0 |
_aTextbook of petrology ; _vv. 2 |
|
| 504 | _aIncludes Bibliographical references and index | ||
| 650 | 0 |
_aSedimentary rocks. _9164963 |
|
| 700 | 1 |
_aHatch, F. H. , jt. auth. _9238937 |
|
| 700 | 1 |
_aRastall, R. H. , jt. auth. _9118810 |
|
| 830 |
_aTextbook of petrology ; _vv. 2 _9238938 |
||
| 942 |
_2ddc _cBK |
||
| 999 |
_c55382 _d55382 |
||